|
|
|
|
| LEADER |
00000naa2a2200000 4500 |
| 001 |
389149 |
| 005 |
20231101063829.0 |
| 035 |
|
|
|a (RuTPU)RU\TPU\prd\21023
|
| 090 |
|
|
|a 389149
|
| 100 |
|
|
|a 20040105a2003 k y0rusy50 ca
|
| 101 |
0 |
|
|a rus
|
| 102 |
|
|
|a RU
|
| 200 |
1 |
|
|a Проблема подготовки в мирное время к защите от высокоточного оружия
|f А. В. Баринов, К. В. Тугушов
|
| 225 |
1 |
|
|a Чрезвычайные ситуации
|
| 320 |
|
|
|a Библиогр.: 4 назв.
|
| 461 |
|
1 |
|0 (RuTPU)RU\TPU\prd\1137
|t Безопасность жизнедеятельности
|o научно-практический и учебно-методический журнал
|d 2001-
|
| 463 |
|
1 |
|0 (RuTPU)RU\TPU\prd\20654
|t № 11
|v С. 40-45
|d 2003
|
| 610 |
1 |
|
|a комплексная защита
|
| 610 |
1 |
|
|a мирное время
|
| 610 |
1 |
|
|a объекты экономики
|
| 610 |
1 |
|
|a защита
|
| 610 |
1 |
|
|a высокоточное оружие
|
| 610 |
1 |
|
|a проблемы
|
| 610 |
1 |
|
|a подготовка
|
| 610 |
1 |
|
|a характеристика
|
| 675 |
|
|
|a 574
|v 3
|
| 700 |
|
1 |
|a Баринов
|b А. В.
|
| 701 |
|
1 |
|a Тугушов
|b К. В.
|
| 801 |
|
1 |
|a RU
|b 63413507
|c 20040105
|g PSBO
|
| 942 |
|
|
|c BK
|